The Laws of South West Africa 1923-1927 (Record no. 2930)

MARC details
000 -LEADER
fixed length control field 00419nam a22001457a 4500
005 - DATE AND TIME OF INPUT
control field 20240829071429.0
008 - DATA ELEMENTS--GENERAL INFORMATION
fixed length control field 240829b |||||||| |||| 00| 0 eng d
041 ## - LANGUAGE CODE
Language code of text English/Afrikaans
082 ## - SHELF NUMBER
DDC number 349 LAW
100 ## - MAIN AUTHOR
Language of a work English/Afrikaans
245 ## - TITLE STATEMENT
Title The Laws of South West Africa 1923-1927
300 ## - PHYSICAL DESCRIPTION
Other physical details xv, 551 pages;
Dimensions 25 cm.
650 ## - SUBJECT`
Broad subject Legal practice
Own subject terms Law
942 ## - ADDED ENTRY ELEMENTS (KOHA)
Item type Books
942 ## - ADDED ENTRY ELEMENTS (KOHA)
-- ALISON_BN_VRIES
Holdings
Source of classification or shelving scheme Volume number (bound volume or other part) Not for loan Collection code Home library Current library Shelving location Date acquired Full call number Barcode Price effective from Koha item type
Dewey Decimal Classification Volume 2   The Laws of South West Africa LAW SOCIETY OF NAMIBIA LIBRARY - WINDHOEK LAW SOCIETY OF NAMIBIA LIBRARY - WINDHOEK The Laws of South West Africa 08/29/2024 349 LAW LSN/2023/3980 08/29/2024 Books